00338nam a22001337a 450000500170000000800410001702000180005804100080007608200080008410000320009224500390012426000330016330000080019620170925145423.0170925b xxu||||| |||| 00| 0 eng d a81-203-3674-1 aeng a632 aChaube,H.S and Pundhir, V.S aCrop Diseases and Their Management bPrentice Hall of Indiac2008 a703